000 00330 a2200109 4500
001 ART_55604
005 20260410161634.0
008 260409a
245 1 0 _aResolución técnica 53, modificatoria de la resolución técnica 37
100 1 _aNigro, Jorge O.
773 0 _tEnfoques
_g- N° 3 (mar. 2022)
_wREV416
999 _c12730
_d12730